000 00668nam a2200241Ia 4500
005 20260121112805.0
008 8818 260114s9999 xx 000 0 eng d
020 _a9789812776457
037 _aEBOOK
040 _aCRL
_beng
_cCRL
041 _aeng
_2eng
084 _qCRL
100 _aNatale C Di Et Al
_9963259
245 0 _aSensors and Microsystems, Proceedings of the 7Th Italian Conference
260 _bWorld Scientific
260 _bWSPC
260 _c2002
650 _aMaterials Science
_9963260
856 _uhttps://www.worldscientific.com/worldscibooks/10.1142/5116#t=toc
942 _cEBOOK
999 _c1546118
_d1546118